| 000 | 00495nam a22001577a 4500 | ||
|---|---|---|---|
| 020 | _qHBK | ||
| 082 | _a530 | ||
| 100 | _aAman ullah. | ||
| 245 |
_aSynthesis of ZnO and C-doped ZnO Nanowires for Future Spintronics Applications _cAman ullah. |
||
| 260 |
_aIslamabad: _bSNS - NUST, _c2016 |
||
| 300 |
_a87 p. _c30cm. |
||
| 650 |
_aPhysics - M. Phil Thesis. _916472 |
||
| 700 |
_aSupervisor Dr. Qurat ul Ain. _920091 |
||
| 942 |
_2ddc _cTHE |
||
| 999 |
_c528343 _d528343 |
||